Knižnica viery

Bibliographic Details
Main Author: Korec, Ján Chryzostom, 1924-2015 (Author)
Other Authors: Hladík, Ján, 1959- (Bookjacket designer)
Format: Book
Language:Slovak
PhysicalDescription:80 s. 21 cm
Published: Bratislava Lúč 1992
ISBN:8071140635
Edition:1. vyd.
Subjects:

MARC

LEADER 00000nam a2200000 a 4500
001 vtls001072109
003 SK-MaSNL
005 20260301232832.0
008 250414s1992 xo 0 slo
015 |a SNBA1993/07 
020 |a 8071140635 
035 |a SNK000014940 
040 |a SNK  |b slo  |c SNK  |e AACR2 
041 0 |a slo 
044 |a xo  |c SK 
080 |a 2:012  |2 1981 
080 |a 012  |2 1981 
100 1 |a Korec, Ján Chryzostom,  |d 1924-2015  |4 aut  |9 203576 
245 1 0 |a Knižnica viery  |c Ján Chryzostom Korec ; Aut. obál. Ján Hladík 
250 |a 1. vyd. 
260 |a Bratislava  |b Lúč  |c 1992 
300 |a 80 s.  |c 21 cm 
600 1 7 |a Korec, Ján Chryzostom,  |d 1924-2015  |2 SNK  |9 203576 
655 7 |a neperiodické bibliografie  |2 SNK  |9 60408 
700 1 |a Hladík, Ján,  |d 1959-  |4 bjd  |9 245578 
852 |a Slovenská národná knižnica 
919 |a 80-7114-063-5 
958 |a SF 
958 |a TL 
958 |a KL 
999 |c 963113  |d 965043 
952 |t P60, <04>, [BOOK], {604}  |a SNK  |b SNK  |y VYP  |7 0  |p 17A0040454  |o snkSC 83867 D1  |0 0  |1 0  |4 0  |d 1997-02-25  |l 0  |r 2004-12-31 00:00:00  |w 2026-02-24 
952 |a SNK  |b SNK  |y PREZ  |7 0  |p 17A1009974  |o snkSC 83867   |0 0  |1 0  |4 0  |d 2012-08-17  |l 0  |r 2025-08-21 00:00:00  |w 2026-02-24